| 000 | 00990cam a2200265 4500 | ||
|---|---|---|---|
| 001 | ##L135092 | ||
| 002 | ##10187 | ||
| 008 | 060925n2006 000 0 eng u | ||
| 020 | _a0415363349 | ||
| 035 | _a(Sirsi) u135092 | ||
| 041 | 0 | _aeng | |
| 050 | 0 | 4 | _a691 $2 18 |
| 245 | 0 | 0 |
_aEnvironmental design _ban introduction for architects and engineers |
| 250 | _a3rd ed. | ||
| 260 |
_aAbingdon _bTaylor and Francis _c2006 |
||
| 300 |
_axvi, 272p. _bill. _c25cm. |
||
| 350 | _a25 | ||
| 520 | _aOffers guidance in the design of environmentally friendly buildings. Looks at aspects of the environment such as climate change, air quality and noise, and then goes on to discuss planning and design, materials, energy sources, lighting, water and waste disposal. | ||
| 520 | _aSupersedes second edition (ISBN 0419237607) | ||
| 590 | _aIKA171006 | ||
| 651 | 4 |
_aUnited Kingdom _y |
|
| 690 | _aBUILT ENVIRONMENT-SUSTAINABLE CONSTRUCTION | ||
| 700 | 1 |
_aThomas, Randall _eEditor |
|
| 942 | _n0 | ||
| 999 |
_c105915 _d105915 |
||